[Event "Int.Vellmar 9th op B"]
[Site "Vellmar"]
[Date "2017.07.16"]
[Round "6.49"]
[White "Moderow, Manuel"]
[Black "Engel, Markus"]
[Result "1-0"]
[WhiteElo "1133"]
[BlackElo "1530"]
[PlyCount "99"]
[EventDate "2017.07.13"]
[EventType "swiss"]
[EventRounds "7"]
[EventCountry "GER"]

1. e4 g6 2. d4 Bg7 3. Nf3 b6 4. Bd3 Bb7 5. O-O e6 6. Bf4 d6 7. Nbd2 Ne7 8. c4
Nd7 9. Nb3 O-O 10. Re1 d5 11. Rc1 Rc8 12. cxd5 exd5 13. Rc2 c5 14. dxc5 bxc5
15. exd5 Nxd5 16. Bd6 Re8 17. Rxe8+ Qxe8 18. Re2 Qd8 19. Be4 c4 20. Bxd5 Bxd5
21. Qxd5 cxb3 22. Qxb3 Nb6 23. Bb4 Nc4 24. h3 Qf6 25. Bc3 Qc6 26. Bxg7 Kxg7 27.
Qc3+ Qf6 28. Qxf6+ Kxf6 29. Rc2 Nb6 30. Rxc8 Nxc8 31. Kf1 Nd6 32. Ke2 Nc4 33.
b3 Nb6 34. g3 h6 35. Nd4 Nd5 36. Kd2 a6 37. a3 Ke5 38. Kd3 Nc7 39. Nc6+ Kd6 40.
Nb4 a5 41. Nc2 Kc5 42. Ne3 Ne6 43. Kc3 h5 44. Nc4 Kb5 45. Nd6+ Kc6 46. Nxf7 Nc5
47. Ne5+ Kd5 48. Nxg6 Ne4+ 49. Kb2 Nxf2 50. Nf4+ 1-0

[Event "Int.Vellmar 9th op B"]
[Site "Vellmar"]
[Date "2017.07.16"]
[Round "6.51"]
[White "Pessotschinski, Eduard"]
[Black "Tiggemann, Felix"]
[Result "1-0"]
[WhiteElo "1187"]
[BlackElo "1502"]
[PlyCount "117"]
[EventDate "2017.07.13"]
[EventType "swiss"]
[EventRounds "7"]
[EventCountry "GER"]

1. e4 e6 2. d4 d5 3. exd5 exd5 4. Nf3 Nf6 5. Nc3 h6 6. Be2 c5 7. O-O Bd6 8. Re1
O-O 9. Be3 b6 10. Qd2 Bb7 11. Bd3 c4 12. Bf5 Nc6 13. Bxh6 Nh7 14. Bxh7+ Kxh7
15. Ng5+ Kg8 16. Nf3 Qf6 17. Be3 Ne7 18. Bg5 Qf5 19. Bxe7 Bf4 20. Qd1 Rfe8 21.
Bh4 Re6 22. Rxe6 fxe6 23. Qe2 g6 24. Re1 Re8 25. Nd1 Bc8 26. Ne3 Qh5 27. Nxd5
Qxd5 28. c3 Kg7 29. Qe4 Qxe4 30. Rxe4 Bc1 31. Re2 Kh6 32. Rc2 Bf4 33. Bg3 Bxg3
34. fxg3 Bb7 35. Re2 Bd5 36. Ne5 Rf8 37. Rf2 Rxf2 38. Kxf2 b5 39. g4 Kg5 40.
Kg3 a5 41. h4+ Kf6 42. Nd7+ Ke7 43. Ne5 Kf6 44. Nf3 b4 45. Kf4 b3 46. a3 a4 47.
g5+ Kf7 48. Ne5+ Kg7 49. g4 Kh7 50. h5 Kg7 51. Nxg6 Kf7 52. Ne5+ Kg7 53. h6+
Kh7 54. Kg3 Be4 55. Kh4 Bd3 56. Kh5 Kg8 57. g6 Kh8 58. Nf7+ Kg8 59. h7+ 1-0

[Event "Int.Vellmar 9th op B"]
[Site "Vellmar"]
[Date "2017.07.16"]
[Round "7.1"]
[White "Saoud, Mohamad Alhussein"]
[Black "Davidov, Georgi"]
[Result "1/2-1/2"]
[WhiteElo "1720"]
[BlackElo "1872"]
[PlyCount "91"]
[EventDate "2017.07.13"]
[EventType "swiss"]
[EventRounds "7"]
[EventCountry "GER"]

1. d4 Nf6 2. Nf3 e6 3. c4 d5 4. Nc3 c5 5. e3 Nc6 6. a3 Be7 7. dxc5 Bxc5 8. b4
Bb6 9. Bb2 O-O 10. Bd3 a5 11. b5 Ne7 12. O-O Ng6 13. Qb3 dxc4 14. Bxc4 Qe7 15.
Rfd1 e5 16. Na4 Bc7 17. b6 Bd6 18. Ng5 Nh8 19. Rd2 Bf5 20. Rad1 Rad8 21. Nc3 h6
22. Nb5 Ne8 23. Nf3 Bg4 24. e4 Kh7 25. h3 Bxf3 26. Qxf3 f6 27. h4 Nf7 28. Rd3
Bc5 29. Rxd8 Nxd8 30. h5 Nd6 31. Nxd6 Bxd6 32. Bc1 Nc6 33. Bb2 Rd8 34. Bd5 Bc5
35. Qb3 Nd4 36. Bxd4 exd4 37. a4 Qd6 38. Rb1 Bb4 39. Bxb7 Qxb6 40. Qf7 d3 41.
Rd1 Qd4 42. Qg6+ Kh8 43. e5 Bc5 44. Rd2 Qa1+ 45. Kh2 Qxe5+ 46. g3 1/2-1/2

[Event "Int.Vellmar 9th op B"]
[Site "Vellmar"]
[Date "2017.07.16"]
[Round "7.2"]
[White "Wuttke, Bodo"]
[Black "Hilgert, Viktor"]
[Result "1/2-1/2"]
[WhiteElo "1735"]
[BlackElo "1798"]
[PlyCount "149"]
[EventDate "2017.07.13"]
[EventType "swiss"]
[EventRounds "7"]
[EventCountry "GER"]

1. d4 d5 2. c4 c6 3. cxd5 cxd5 4. Nc3 Nf6 5. Bf4 e6 6. Nf3 Nc6 7. a3 Bd6 8.
Bxd6 Qxd6 9. e3 O-O 10. Bd3 e5 11. dxe5 Nxe5 12. Be2 Bf5 13. O-O a6 14. Qb3 b5
15. Rac1 Nc4 16. Rfd1 Qc5 17. Nd4 Bg4 18. Bxg4 Nxg4 19. Nce2 Qb6 20. Nf3 Qf6
21. Rc2 Rfe8 22. Ned4 Ngxe3 23. fxe3 Rxe3 24. Rc3 Re4 25. Nxb5 axb5 26. Qxb5
Rae8 27. Qxd5 Qf4 28. Qc6 Ne3 29. Re1 h6 30. b4 R8e6 31. Qc5 Nf5 32. Rxe4 Qxe4
33. Rc1 Qe2 34. Qc8+ Re8 35. Qc2 Qe3+ 36. Kf1 Qxa3 37. Qd2 Ne3+ 38. Kf2 Qa7 39.
Rc5 Qa1 40. Rc1 Qa7 41. Qd4 Qa2+ 42. Qd2 Qa7 43. Nd4 Nf5 44. Rc5 Rd8 45. Rxf5
Rxd4 46. Qe3 g6 47. Re5 Rf4+ 48. Kg3 Qxe3+ 49. Rxe3 Rxb4 50. Kf3 Kg7 51. h3 g5
52. g4 Rf4+ 53. Kg3 Kg6 54. Re8 Ra4 55. Rg8+ Kf6 56. Rh8 Ra3+ 57. Kg2 Kg7 58.
Re8 Ra6 59. Re5 Rf6 60. Kg3 Rf4 61. Kg2 f6 62. Re7+ Kg6 63. Re8 h5 64. Kg3 h4+
65. Kg2 Ra4 66. Re6 Kf7 67. Rc6 Ra3 68. Rb6 Rg3+ 69. Kh2 Re3 70. Kg2 Re6 71.
Rb7+ Ke8 72. Kf3 Kd8 73. Ra7 Rc6 74. Rf7 Rc1 75. Kg2 1/2-1/2

[Event "Int.Vellmar 9th op B"]
[Site "Vellmar"]
[Date "2017.07.16"]
[Round "7.3"]
[White "Meyer, Marcel"]
[Black "Lutz, Adam"]
[Result "1/2-1/2"]
[WhiteElo "1725"]
[BlackElo "1751"]
[PlyCount "27"]
[EventDate "2017.07.13"]
[EventType "swiss"]
[EventRounds "7"]
[EventCountry "GER"]

1. d4 d5 2. c4 e6 3. Nc3 Nf6 4. cxd5 exd5 5. Bg5 Be7 6. e3 c6 7. Bd3 Nbd7 8.
Qc2 O-O 9. Nf3 Re8 10. O-O h6 11. Bh4 Ne4 12. Bxe7 Qxe7 13. Rae1 b6 14. Nd2
1/2-1/2

[Event "Int.Vellmar 9th op B"]
[Site "Vellmar"]
[Date "2017.07.16"]
[Round "7.4"]
[White "Thiel, Moritz"]
[Black "Rother, Wilfried"]
[Result "1-0"]
[WhiteElo "1785"]
[BlackElo "1890"]
[PlyCount "40"]
[EventDate "2017.07.13"]
[EventType "swiss"]
[EventRounds "7"]
[EventCountry "GER"]

1. e4 c5 2. Nf3 Nc6 3. d4 cxd4 4. Nxd4 Nf6 5. Nc3 e6 6. Be3 a6 7. Be2 Qc7 8. f4
d6 9. O-O b5 10. Nxc6 Qxc6 11. Bf3 Bb7 12. e5 Nd5 13. Nxd5 exd5 14. Bd4 O-O-O
15. c4 bxc4 16. b3 dxe5 17. fxe5 Qb5 18. bxc4 dxc4 19. Bg4+ Kc7 20. Rxf7+ Kb8
1-0

[Event "Int.Vellmar 9th op B"]
[Site "Vellmar"]
[Date "2017.07.16"]
[Round "7.6"]
[White "Wagner, Andreas"]
[Black "Rueggeberg, Jan"]
[Result "1/2-1/2"]
[WhiteElo "1770"]
[BlackElo "1845"]
[PlyCount "81"]
[EventDate "2017.07.13"]
[EventType "swiss"]
[EventRounds "7"]
[EventCountry "GER"]

1. d4 Nc6 2. c4 e5 3. d5 Nce7 4. e4 Ng6 5. a3 Bc5 6. Nf3 Nf6 7. Nc3 Ng4 8. Bg5
Bxf2+ 9. Ke2 f6 10. h3 fxg5 11. hxg4 Bb6 12. Kd2 d6 13. Ne1 O-O 14. Nd3 Nf4 15.
Kc2 Bd7 16. g3 Nxd3 17. Bxd3 Rf2+ 18. Kb3 Qf6 19. Be2 Rf8 20. Qd3 Bd4 21. Nd1
Rxe2 22. Qxe2 Qf3+ 23. Qxf3 Rxf3+ 24. Nc3 Bxg4 25. Rhf1 Rxg3 26. Rac1 h5 27.
Kb4 h4 28. Nb5 Bc5+ 29. Ka4 c6 30. b4 cxb5+ 31. cxb5 Bb6 32. Rc8+ Bxc8 33. Rf8+
Kh7 34. Rh8+ Kg6 35. Rh6+ Kf7 36. Rf6+ Ke7 37. Rf7+ Kd8 38. Rd7+ Ke8 39. Re7+
Kf8 40. Rf7+ Kg8 41. Rxg7+ 1/2-1/2

[Event "Int.Vellmar 9th op B"]
[Site "Vellmar"]
[Date "2017.07.16"]
[Round "7.7"]
[White "John, Volkmar"]
[Black "Ziegenfuss, Larissa"]
[Result "1-0"]
[WhiteElo "1838"]
[BlackElo "1673"]
[PlyCount "89"]
[EventDate "2017.07.13"]
[EventType "swiss"]
[EventRounds "7"]
[EventCountry "GER"]

1. c4 c5 2. Nc3 Nc6 3. g3 g6 4. Bg2 Bg7 5. e4 d6 6. Nge2 e5 7. d3 Nge7 8. O-O
O-O 9. a3 a5 10. f4 f5 11. Rb1 Be6 12. Nd5 Rb8 13. Nec3 Nd4 14. Bd2 Bd7 15. b4
axb4 16. axb4 Nxd5 17. Nxd5 b6 18. b5 Be6 19. exf5 Bxf5 20. Bc3 Qd7 21. Bxd4
exd4 22. Re1 Rfe8 23. Qd2 Kf8 24. Ra1 Be6 25. Ra6 Bxd5 26. Bxd5 Rxe1+ 27. Qxe1
Re8 28. Qxe8+ Qxe8 29. Ra8 Qxa8 30. Bxa8 Ke7 31. Kg2 Bf6 32. Kf3 Kd7 33. Kg4
h5+ 34. Kf3 Ke7 35. h4 Bg7 36. Ke4 Ke6 37. Bb7 d5+ 38. Bxd5+ Kf6 39. Bg8 Bf8
40. Kd5 Be7 41. Be6 Bd8 42. Bh3 Ke7 43. Kc6 Ke8 44. Bg2 Ke7 45. Be4 1-0

[Event "Int.Vellmar 9th op B"]
[Site "Vellmar"]
[Date "2017.07.16"]
[Round "7.10"]
[White "Gibhardt, Peter"]
[Black "Michels, Holger"]
[Result "1/2-1/2"]
[WhiteElo "1633"]
[BlackElo "1816"]
[PlyCount "53"]
[EventDate "2017.07.13"]
[EventType "swiss"]
[EventRounds "7"]
[EventCountry "GER"]

1. e4 e6 2. d4 d5 3. exd5 exd5 4. Nf3 Bd6 5. Be2 Ne7 6. O-O O-O 7. Bg5 f6 8.
Bh4 Bf5 9. c3 c6 10. Bd3 Nd7 11. Bg3 Nb6 12. Bxd6 Qxd6 13. Bxf5 Nxf5 14. Qd3
Qd7 15. Nbd2 Nd6 16. b3 Rfe8 17. Rfe1 g5 18. h3 Kg7 19. Rxe8 Rxe8 20. Re1 Rxe1+
21. Nxe1 Qe6 22. Kf1 h5 23. Qe2 Qxe2+ 24. Kxe2 g4 25. hxg4 hxg4 26. a4 f5 27.
Nd3 1/2-1/2

[Event "Int.Vellmar 9th op B"]
[Site "Vellmar"]
[Date "2017.07.16"]
[Round "7.11"]
[White "Stein, Carmen"]
[Black "Bengsch, Norbert"]
[Result "1/2-1/2"]
[WhiteElo "1630"]
[BlackElo "1797"]
[PlyCount "45"]
[EventDate "2017.07.13"]
[EventType "swiss"]
[EventRounds "7"]
[EventCountry "GER"]

1. e4 c5 2. d4 cxd4 3. c3 Nf6 4. e5 Nd5 5. Nf3 Nc6 6. cxd4 d6 7. Bc4 Nb6 8. Bb5
e6 9. O-O Bd7 10. Nc3 a6 11. Bd3 Nb4 12. Bb1 d5 13. a3 Nc6 14. Be3 Be7 15. Re1
f5 16. exf6 Bxf6 17. Ne5 Qe7 18. Qh5+ g6 19. Bxg6+ hxg6 20. Qxg6+ Kd8 21. Nf7+
Kc8 22. Nxh8 Bxh8 23. Qg8+ 1/2-1/2

[Event "Int.Vellmar 9th op B"]
[Site "Vellmar"]
[Date "2017.07.16"]
[Round "7.14"]
[White "Calci, Fiorino"]
[Black "Lorch, Alexander"]
[Result "1-0"]
[WhiteElo "1847"]
[BlackElo "1658"]
[PlyCount "69"]
[EventDate "2017.07.13"]
[EventType "swiss"]
[EventRounds "7"]
[EventCountry "GER"]

1. d4 Nf6 2. c4 g6 3. Nc3 Bg7 4. g3 O-O 5. Bg2 d6 6. Nf3 Nbd7 7. Qc2 Re8 8. O-O
e5 9. e3 Rb8 10. b3 a6 11. Bb2 exd4 12. exd4 b5 13. Rfe1 b4 14. Ne2 c5 15. Rad1
Qc7 16. Nf4 Bb7 17. d5 Rbd8 18. Qc1 Ne4 19. Re3 Bxb2 20. Qxb2 Nc3 21. Rde1 Nf6
22. Ng5 Bc8 23. h4 Rxe3 24. Rxe3 Ng4 25. Re1 Ne5 26. Ne4 Nxe4 27. Bxe4 Re8 28.
Qd2 f5 29. Bg2 Qd7 30. Ne6 Qf7 31. Qe2 Qd7 32. Kh1 Qe7 33. Qd1 Qf7 34. Qe2 Qe7
35. f3 {Weitere Notation unklar} 1-0

[Event "Int.Vellmar 9th op B"]
[Site "Vellmar"]
[Date "2017.07.16"]
[Round "7.15"]
[White "Becker, Ralph"]
[Black "Walkiewicz, Danny"]
[Result "1-0"]
[WhiteElo "1776"]
[BlackElo "1605"]
[PlyCount "53"]
[EventDate "2017.07.13"]
[EventType "swiss"]
[EventRounds "7"]
[EventCountry "GER"]

1. Nf3 c5 2. g3 d5 3. Bg2 Nc6 4. O-O Nf6 5. d3 e5 6. e4 d4 7. Nbd2 b5 8. a4 Ba6
9. axb5 Bxb5 10. b3 a5 11. Nc4 Bxc4 12. bxc4 Bd6 13. Ne1 O-O 14. f4 a4 15. f5
Bc7 16. g4 Ra6 17. g5 Nd7 18. Rf3 Re8 19. Rh3 Nf8 20. Qh5 Nb4 21. Ba3 Qe7 22.
Rg3 Kh8 23. Rd1 Na2 24. Rd2 Nc3 25. Rf2 Nb1 26. Bxc5 Qxc5 27. f6 1-0

[Event "Int.Vellmar 9th op B"]
[Site "Vellmar"]
[Date "2017.07.16"]
[Round "7.16"]
[White "Wiedemann, Thilo"]
[Black "Schloemer, Andreas"]
[Result "0-1"]
[WhiteElo "1616"]
[BlackElo "1716"]
[PlyCount "42"]
[EventDate "2017.07.13"]
[EventType "swiss"]
[EventRounds "7"]
[EventCountry "GER"]

1. d4 Nf6 2. Bf4 e6 3. Nf3 b6 4. e3 Bb7 5. Nbd2 d6 6. Bd3 Be7 7. O-O O-O 8. c3
c5 9. Qc2 Nbd7 10. Ne4 Qc7 11. Nxf6+ Nxf6 12. Ng5 h6 13. Ne4 Nh5 14. Bg3 Qc6
15. f3 Nxg3 16. Nxg3 c4 17. Bh7+ Kh8 18. Nh5 Qe8 19. Nf4 Bg5 20. Qb1 Bxf4 21.
exf4 f5 0-1

[Event "Int.Vellmar 9th op B"]
[Site "Vellmar"]
[Date "2017.07.16"]
[Round "7.17"]
[White "Bastian, Ben"]
[Black "Cress, Bastian"]
[Result "1/2-1/2"]
[WhiteElo "1705"]
[BlackElo "1599"]
[PlyCount "55"]
[EventDate "2017.07.13"]
[EventType "swiss"]
[EventRounds "7"]
[EventCountry "GER"]

1. d4 Nf6 2. c4 g6 3. Nc3 Bg7 4. e4 d6 5. Nf3 O-O 6. Be2 Nbd7 7. O-O e5 8. d5
Nc5 9. Qc2 a5 10. h3 h6 11. Be3 b6 12. a3 Nh7 13. b4 Nb7 14. Qd2 g5 15. Nh2 f5
16. exf5 Bxf5 17. Bd3 Bxd3 18. Qxd3 Nf6 19. Ne4 Qd7 20. Nxf6+ Bxf6 21. Ng4 Qg7
22. Qe2 Qg6 {Remis Angebot} 23. h4 Be7 24. h5 Qg7 25. Qc2 Qh7 26. Qc3 Kh8 27.
Rac1 Qf7 28. c5 1/2-1/2

[Event "Int.Vellmar 9th op B"]
[Site "Vellmar"]
[Date "2017.07.16"]
[Round "7.18"]
[White "Bakiev, Diyor"]
[Black "Schaefer, Marc"]
[Result "0-1"]
[WhiteElo "1610"]
[BlackElo "1701"]
[PlyCount "118"]
[EventDate "2017.07.13"]
[EventType "swiss"]
[EventRounds "7"]
[EventCountry "GER"]

1. e4 e5 2. Nf3 Nc6 3. Bc4 Bc5 4. c3 Nf6 5. d4 exd4 6. e5 d5 7. Bb5 Qe7 8. O-O
Ne4 9. cxd4 Bb6 10. Nbd2 Bg4 11. Qa4 O-O 12. Bxc6 bxc6 13. Qxc6 Nxd2 14. Nxd2
Bxd4 15. Qxd5 Qxe5 16. Qxe5 Bxe5 17. Nc4 Bf6 18. Bf4 Be6 19. Rac1 Bxc4 20. Rxc4
Bxb2 21. Rxc7 Rfc8 22. Rb7 Bd4 23. Rd1 Rd8 24. h3 Bxf2+ 25. Kxf2 Rxd1 26. Be3
Ra1 27. Rb2 f6 28. Ke2 a6 29. Kf3 Rd8 30. Bd2 Rd3+ 31. Ke4 Ra3 32. Be3 R1xa2
33. Rb8+ Kf7 34. Rb7+ Kg6 35. Kf3 Rd3 36. Re7 Raa3 37. g4 Rxe3+ 38. Rxe3 Rxe3+
39. Kxe3 a5 40. h4 a4 41. Kd2 f5 42. gxf5+ Kxf5 43. h5 Kg5 44. h6 Kxh6 45. Kd3
g5 46. Kd2 g4 47. Kc3 g3 48. Kb4 g2 49. Kxa4 g1=Q 50. Kb5 Kg5 51. Kc4 h5 52.
Kd5 h4 53. Kc4 h3 54. Kd5 h2 55. Kc4 h1=Q 56. Kb5 Qc1 57. Kb6 Qg2 58. Kb5 Qgb2+
59. Ka4 Qca1# 0-1

[Event "Int.Vellmar 9th op B"]
[Site "Vellmar"]
[Date "2017.07.16"]
[Round "7.20"]
[White "Kaeding, Wolfgang"]
[Black "Brahn, Helmut"]
[Result "1/2-1/2"]
[WhiteElo "1527"]
[BlackElo "1698"]
[PlyCount "28"]
[EventDate "2017.07.13"]
[EventType "swiss"]
[EventRounds "7"]
[EventCountry "GER"]

1. e4 c5 2. Nf3 d6 3. Bb5+ Nd7 4. O-O a6 5. Bxd7+ Bxd7 6. Re1 e5 7. c3 Nf6 8.
d4 cxd4 9. cxd4 exd4 10. Qxd4 {Remis Angebot} h6 11. e5 dxe5 12. Nxe5 Be6 13.
Qe3 Bb4 14. Nxf7 Kxf7 1/2-1/2

[Event "Int.Vellmar 9th op B"]
[Site "Vellmar"]
[Date "2017.07.16"]
[Round "7.21"]
[White "Schaefer, Gerhard"]
[Black "Schulze, Lukas"]
[Result "1-0"]
[WhiteElo "1695"]
[BlackElo "1439"]
[PlyCount "55"]
[EventDate "2017.07.13"]
[EventType "swiss"]
[EventRounds "7"]
[EventCountry "GER"]

1. d4 Nf6 2. Bf4 d5 3. e3 c5 4. c3 Qb6 5. Qb3 Nc6 6. Nd2 g6 7. Ngf3 Bg7 8. h3
O-O 9. Be2 Bf5 10. Ne5 c4 11. Qxb6 axb6 12. g4 Be4 13. f3 Bc2 14. g5 Ne8 15.
Nd7 Bb3 16. Nxb3 cxb3 17. a3 Ra5 18. Nxf8 Bxf8 19. Kf2 e6 20. Bd1 b5 21. Bxb3
b4 22. axb4 Rb5 23. Ra8 Ng7 24. Bd6 Nf5 25. Bxf8 h5 26. gxh6 Kh7 27. Bc5 Nxh6
28. Ba4 1-0

[Event "Int.Vellmar 9th op B"]
[Site "Vellmar"]
[Date "2017.07.16"]
[Round "7.22"]
[White "Sendler, Arnold"]
[Black "Moderow, Ramon"]
[Result "1-0"]
[WhiteElo "1692"]
[BlackElo "1421"]
[PlyCount "95"]
[EventDate "2017.07.13"]
[EventType "swiss"]
[EventRounds "7"]
[EventCountry "GER"]

1. e4 e5 2. Nf3 Nc6 3. Bc4 Bc5 4. c3 Nf6 5. d3 O-O 6. O-O d5 7. exd5 Nxd5 8. b4
Bb6 9. Qb3 Be6 10. Ng5 h6 11. Nxe6 fxe6 12. Nd2 a6 13. Ne4 Nce7 14. Bd2 Ba7 15.
a4 c6 16. a5 b5 17. axb6 Qxb6 18. Nc5 Rad8 19. Rxa6 Qb8 20. Nxe6 Bb6 21. Nxd8
Qxd8 22. Rxb6 Qxb6 23. Be3 Qc7 24. Bc5 Kh8 25. Bxd5 cxd5 26. Bxe7 Qxe7 27. Qxd5
Qf6 28. Qe4 Qd6 29. g3 Rd8 30. Re1 Qxd3 31. Qxe5 Rd5 32. Qe8+ Kh7 33. Qe4+ Qxe4
34. Rxe4 Kg6 35. Kg2 Kf5 36. Kf3 Rd3+ 37. Re3 Rd7 38. h4 g6 39. Ke2 h5 40. f3
Rd6 41. Rd3 Re6+ 42. Kd2 Ra6 43. Rd5+ Kf6 44. g4 Ra2+ 45. Ke3 hxg4 46. fxg4 Rh2
47. h5 g5 48. Rf5+ 1-0

[Event "Int.Vellmar 9th op B"]
[Site "Vellmar"]
[Date "2017.07.16"]
[Round "7.23"]
[White "Jungklaus, Lars"]
[Black "Hoke, Joshua Sky"]
[Result "1/2-1/2"]
[WhiteElo "1660"]
[BlackElo "1500"]
[PlyCount "53"]
[EventDate "2017.07.13"]
[EventType "swiss"]
[EventRounds "7"]
[EventCountry "GER"]

1. d4 d5 2. c4 e6 3. Nf3 Nf6 4. Bg5 Be7 5. e3 Nbd7 6. Nc3 O-O 7. cxd5 exd5 8.
Bd3 c6 9. O-O Re8 10. h3 Nf8 11. Ne5 Be6 12. Bf4 Ng6 13. Bg3 Rc8 14. Rc1 Nd7
15. Nxg6 hxg6 16. a3 a5 17. a4 Qb6 18. Rc2 {Remis Angebot} c5 19. dxc5 Bxc5 20.
Nb5 d4 21. exd4 Bxd4 22. Re2 Red8 23. Nxd4 Qxd4 24. Bb5 Nc5 25. Qxd4 Rxd4 26.
Be5 Rd5 27. Bc3 1/2-1/2

[Event "Int.Vellmar 9th op B"]
[Site "Vellmar"]
[Date "2017.07.16"]
[Round "7.24"]
[White "Niemeyer, Norbert"]
[Black "Michels, Fabio"]
[Result "1-0"]
[WhiteElo "1651"]
[BlackElo "1787"]
[PlyCount "67"]
[EventDate "2017.07.13"]
[EventType "swiss"]
[EventRounds "7"]
[EventCountry "GER"]

1. e4 c5 2. Nf3 Nc6 3. d4 cxd4 4. Nxd4 g6 5. Be3 Bg7 6. Nc3 Nf6 7. Be2 O-O 8.
Qd2 a6 9. O-O-O d6 10. f3 Bd7 11. g4 b5 12. g5 Nh5 13. f4 b4 14. Nb1 a5 15. f5
a4 16. Bxh5 gxh5 17. Qe2 Nxd4 18. Bxd4 Bxd4 19. Rxd4 Qb6 20. Rhd1 b3 21. axb3
axb3 22. c3 Ra2 23. Qxh5 Rc8 24. g6 Rxc3+ 25. Nxc3 Ra1+ 26. Kd2 Qxd4+ 27. Ke2
Qc4+ 28. Kf3 fxg6 29. fxg6 hxg6 30. Qxg6+ Kf8 31. Rxa1 Qd3+ 32. Kf2 Qh3 33.
Ra8+ Bc8 34. Qf5+ 1-0

[Event "Int.Vellmar 9th op B"]
[Site "Vellmar"]
[Date "2017.07.16"]
[Round "7.26"]
[White "Niemann, Leon"]
[Black "Mann, Moritz"]
[Result "0-1"]
[WhiteElo "1548"]
[BlackElo "1692"]
[PlyCount "68"]
[EventDate "2017.07.13"]
[EventType "swiss"]
[EventRounds "7"]
[EventCountry "GER"]

1. e4 c5 2. Nf3 Nc6 3. d4 cxd4 4. Nxd4 g6 5. Nc3 Bg7 6. Be3 Nf6 7. f3 a6 8. Qd2
O-O 9. O-O-O Nxd4 10. Bxd4 d6 11. g4 b5 12. Kb1 Bb7 13. h4 Rc8 14. Bd3 Nd7 15.
Bxg7 Kxg7 16. h5 Rh8 17. h6+ Kf8 18. g5 Ne5 19. f4 Nxd3 20. cxd3 e6 21. Rhg1 d5
22. Qg2 b4 23. Ne2 Qb6 24. Ng3 Ke7 25. Qe2 dxe4 26. dxe4 Rhd8 27. f5 Rxd1+ 28.
Rxd1 Rd8 {Remis Angebot} 29. Rxd8 Qxd8 30. fxg6 fxg6 31. Kc2 Qc7+ 32. Kd2 Qxg3
33. Qc4 Qxg5+ 34. Kc2 Bxe4+ 0-1

[Event "Int.Vellmar 9th op B"]
[Site "Vellmar"]
[Date "2017.07.16"]
[Round "7.27"]
[White "Spinnler, Wolfgang"]
[Black "Naujocks, Christian"]
[Result "1/2-1/2"]
[WhiteElo "1604"]
[BlackElo "1673"]
[PlyCount "28"]
[EventDate "2017.07.13"]
[EventType "swiss"]
[EventRounds "7"]
[EventCountry "GER"]

1. Nf3 Nf6 2. c4 g6 3. b3 Bg7 4. Bb2 O-O 5. g3 d6 6. Bg2 Re8 7. O-O Nc6 8. Re1
e5 9. d3 d5 10. cxd5 Nxd5 11. Qd2 f5 12. Nc3 e4 13. Nxd5 Qxd5 14. Bxg7 Kxg7
1/2-1/2

[Event "Int.Vellmar 9th op B"]
[Site "Vellmar"]
[Date "2017.07.16"]
[Round "7.29"]
[White "Seeber, Helmut"]
[Black "Haack, Kevin"]
[Result "1-0"]
[WhiteElo "1562"]
[BlackElo "1667"]
[PlyCount "139"]
[EventDate "2017.07.13"]
[EventType "swiss"]
[EventRounds "7"]
[EventCountry "GER"]

1. e4 c5 2. Nf3 d6 3. d4 cxd4 4. Nxd4 Nf6 5. Nc3 g6 6. Be2 Bg7 7. O-O O-O 8.
Be3 Nc6 9. f3 d5 10. Nxc6 bxc6 11. e5 Nd7 12. f4 Nb6 13. b3 Bb7 14. Rc1 Rc8 15.
Bc5 f6 16. Bg4 Rc7 17. Be6+ Kh8 18. f5 fxe5 19. fxg6 Rxf1+ 20. Qxf1 hxg6 21.
Qf3 Bf6 22. Qh3+ Kg7 23. Rf1 Qh8 24. Qg3 Bc8 25. Qg4 Bxe6 26. Qxe6 Qc8 27. Qxc8
Rxc8 28. Ne2 Nd7 29. Bf2 a6 30. a4 c5 31. Rd1 e6 32. Kf1 c4 33. Rb1 Kh6 34.
Be3+ Bg5 35. Bf2 Nf6 36. h4 Bd2 37. bxc4 Rxc4 38. Rb6 Rxa4 39. Bg3 Ne4 40. Bxe5
Be3 41. Rxe6 Nd2+ 42. Ke1 Rxh4 43. Ng3 Ne4 44. Nf5+ Kh5 45. Nxh4 Bf2+ 46. Ke2
Bxh4 47. Rxa6 Bd8 48. Ke3 Nc5 49. Rc6 Be7 50. Bd6 Bg5+ 51. Kd4 Ne6+ 52. Kxd5
Nf4+ 53. Bxf4 Bxf4 54. Ke4 g5 55. Rc8 Kg4 56. Rh8 Kg3 57. c4 Kxg2 58. c5 Bg3
59. c6 g4 60. Rg8 Kh3 61. Rg7 Bd6 62. c7 Bxc7 63. Rxc7 Kh2 64. Ke3 g3 65. Rh7+
Kg1 66. Kf3 g2 67. Rg7 Kh1 68. Kf2 Kh2 69. Rxg2+ Kh1 70. Rg8 1-0

[Event "Int.Vellmar 9th op B"]
[Site "Vellmar"]
[Date "2017.07.16"]
[Round "7.31"]
[White "Pomrehn, Ole Magnus"]
[Black "Thede, Stefan"]
[Result "0-1"]
[WhiteElo "1472"]
[BlackElo "1661"]
[PlyCount "96"]
[EventDate "2017.07.13"]
[EventType "swiss"]
[EventRounds "7"]
[EventCountry "GER"]

1. d4 Nf6 2. Nf3 g6 3. c3 Bg7 4. Bg5 d6 5. Nbd2 O-O 6. e4 c6 7. Bd3 Qc7 8. O-O
e5 9. dxe5 dxe5 10. Qc2 Be6 11. Bxf6 Bxf6 12. Rad1 Nd7 13. h3 Rad8 14. Rfe1 b5
15. a3 a5 16. Nb3 a4 17. Nbd2 Nc5 18. Bf1 Rd7 19. c4 Qb6 20. Qb1 Rfd8 21. Qc1
b4 22. Be2 Bg7 23. Qc2 b3 24. Qb1 f5 25. exf5 Bxf5 26. Qc1 e4 27. Nh2 Bh6 28.
Nhf1 Qa5 29. Ne3 Rxd2 30. Rxd2 Qxd2 31. Qxd2 Rxd2 32. Nd1 Bg7 33. Bg4 Bxg4 34.
hxg4 Bxb2 35. Ne3 Bxa3 36. Rb1 Nd3 37. Nd1 Bc5 38. Ne3 Bxe3 39. fxe3 b2 40. Kf1
a3 41. Kg1 a2 42. Rf1 a1=Q 43. Rxa1 bxa1=Q+ 44. Kh2 Qe5+ 45. Kh3 Nf2+ 46. Kh4
Nxg4 47. Kxg4 Rxg2+ 48. Kh3 Qg3# 0-1

[Event "Int.Vellmar 9th op B"]
[Site "Vellmar"]
[Date "2017.07.16"]
[Round "7.32"]
[White "Seelemann, Thomas"]
[Black "Maar, Patricia"]
[Result "1-0"]
[WhiteElo "1656"]
[BlackElo "1358"]
[PlyCount "50"]
[EventDate "2017.07.13"]
[EventType "swiss"]
[EventRounds "7"]
[EventCountry "GER"]

1. e4 c5 2. Nf3 d6 3. d4 cxd4 4. Nxd4 Nf6 5. Nc3 g6 6. Be3 Bg7 7. f3 O-O 8. Qd2
Re8 9. O-O-O Bd7 10. g4 h5 11. g5 Nh7 12. Be2 Nc6 13. f4 Nxd4 14. Bxd4 e5 15.
fxe5 Bxe5 16. Bxe5 Rxe5 17. h4 Bc6 18. Qf4 Qe7 19. Bf3 Re8 20. Rhf1 d5 21. Nxd5
Bxd5 22. Rxd5 Rxd5 23. exd5 f6 24. d6 fxg5 25. Qc4+ Kh8 1-0

[Event "Int.Vellmar 9th op B"]
[Site "Vellmar"]
[Date "2017.07.16"]
[Round "7.34"]
[White "Kotliarevski, Dennis"]
[Black "Mittmann, Volker"]
[Result "1/2-1/2"]
[WhiteElo "1568"]
[BlackElo "1851"]
[PlyCount "23"]
[EventDate "2017.07.13"]
[EventType "swiss"]
[EventRounds "7"]
[EventCountry "GER"]

1. e4 c5 2. Nc3 d6 3. f4 a6 4. Bc4 e6 5. a3 b5 6. Ba2 Bb7 7. d3 g6 8. Nf3 Nc6
9. Be3 Qe7 10. O-O Bg7 11. Ng5 Bd4 12. Qd2 1/2-1/2

[Event "Int.Vellmar 9th op B"]
[Site "Vellmar"]
[Date "2017.07.16"]
[Round "7.36"]
[White "Uecker, Mario"]
[Black "Hahnenstein, Leon"]
[Result "1-0"]
[WhiteElo "1720"]
[BlackElo "1401"]
[PlyCount "67"]
[EventDate "2017.07.13"]
[EventType "swiss"]
[EventRounds "7"]
[EventCountry "GER"]

1. e4 e5 2. Nf3 Nc6 3. Bc4 Bc5 4. c3 Nf6 5. d3 d6 6. Bb3 Be6 7. Bc2 O-O 8. O-O
Ne7 9. h3 Ng6 10. d4 exd4 11. cxd4 Bb6 12. Nc3 Re8 13. Re1 c6 14. Bg5 h6 15.
Be3 Nh5 16. Ne2 Bc4 17. Qd2 Ba5 18. b4 Bb6 19. g4 Nf6 20. Ng3 Be6 {Remis
Angebot} 21. Nh2 Qc7 22. f4 Nh4 23. f5 Bd7 24. Bxh6 gxh6 25. Qxh6 Bxd4+ 26. Kf1
Bxa1 27. Rxa1 Nxf5 28. Nxf5 Bxf5 29. gxf5 Nxe4 30. Bxe4 Rxe4 31. f6 Rf4+ 32.
Qxf4 Qd8 33. Qg5+ Kf8 34. Re1 1-0